Az ÁSZ-hoz fordul majd a megyei ellenzék két órán át vitáztak, a megegyezés elmaradt /
Elmentve itt :
| Szerző: | |
|---|---|
| Dokumentumtípus: | Cikk |
| Megjelent: |
2004-12-29
|
| Sorozat: | Délmagyarország
94 No. 303 |
| Kulcsszavak: | Csongrád megye, Eseménynaptár Szeged 2004. 12., Megyei közgyűlés Szeged, Kórház Makó |
| Online Access: | http://dmarchiv.bibl.u-szeged.hu/134090 |
| LEADER | 00597nab a2200157 i 4500 | ||
|---|---|---|---|
| 001 | delm134090 | ||
| 005 | 20191121125036.0 | ||
| 008 | 191121s2004 hu o 0|| hun d | ||
| 040 | |a SZTE Délmagyarország Archívum |b hun | ||
| 041 | |a hun | ||
| 100 | 1 | |a Bakos András | |
| 245 | 1 | 3 | |a Az ÁSZ-hoz fordul majd a megyei ellenzék |h [elektronikus dokumentum] : |b két órán át vitáztak, a megegyezés elmaradt / |c Bakos András |
| 260 | |c 2004-12-29 | ||
| 300 | |a 1, 3 | ||
| 490 | 0 | |a Délmagyarország |v 94 No. 303 | |
| 695 | |a Csongrád megye, Eseménynaptár Szeged 2004. 12., Megyei közgyűlés Szeged, Kórház Makó | ||